000 00379nam a22001577a 4500
005 20181006115846.0
008 181006b xxu||||| |||| 00| 0 eng d
041 _aeng
100 _aMukherjee,S.N
_93783
245 _aLongwall Machinery and Mechanisation
250 _a1st
260 _aDhanbad
_bA.M Publication
_c1993
300 _a70
650 _aMininmg
_94873
942 _cBK
999 _c5744
_d5742